000 00414nam a2200169Ia 4500
008 100122s9999 xx 000 0 und d
082 _b77214
_a808.8
100 _aठाकरे बाळ
245 _aसाहेब
250 _a1
260 _c2009
300 _a160
630 _aसाहेब
700 _aठाकूर योगेंद्र
730 _aसाहेब
942 _cBOOK
999 _c394209
_d394206